000 00755aab a2200229 4500
001 768714001
003 CO-MdFUSB
005 20240607154646.0
008 170511s1994 cr ||||| |||| 00| 0 spa d
022 _a1409-1968
040 _aCO-MdFUSB
_bspa
_cCO-MdFUSB
_dCO-MdFUSB
041 _aspa
100 1 _aSempangi, Kefa
_eautor
245 1 0 _aDomingo de resurrección
_c/ Kefa Sempangi
300 _aVolumen 11. Número 5 (1994), páginas 16-18
_c: 27 cm.
520 _aUn pastor de Uganda presencia el choque del terror de Idi Amin con la resurrección de Cristo.
546 _a
653 _aTestimonio
773 0 _tApuntes Pastorales
_049442
_960181
_gVolumen 11. Número 5 (1994), páginas 16-18
_qPágina 16
942 _cANA
945 _aJTF-925
999 _c53052
_d53052